00773nam a2200217 a 450000100100000000500170001000800410002704000250006808200160009310000270010924500740013626000400021030000280025049000150027850000570029370000380035083000210038804900090040995201200041899900170053800002279920200930021813.0101118s1989 cu a r 000 0 spa d aDO-SdBNPbspacBNPHU axxxxbP949n1 aPietro, Abel E.94684010aNoche de sábado /cAbel E. Pietro ; edición Ana M. Muñoz Bachs. aLa habana :bLetras Cubanas,c1989. a165 p. :bil. ;c19 cm.1 aGiraldilla aIncluye biografía del autor en la contra cubierta.1 aMuñoz Bachs, Ana M.eed.924535 0aGiraldilla98904 aBNGR 001054708MOaGRbGRcCTd2010-11-18iLF1l0oxxxx P949np22799-10r2020-06-25w2020-06-25y4ZPréstamo en sala c22296d22296